000 01136nam a22002057a 4500
008 230706e20230703 ||||| ||||o00| 0 eng d
110 _91239
_aHome Office
245 _aFire safety responsibilities under Section 156 of the Building Safety Act 2022
_bguidance
260 _bHome Office
_c3 July 2023
520 _aThis guidance is for people who have responsibilities under the Regulatory Reform (Fire Safety) Order 2005 which has been amended by Section 156 of the Building Safety Act. Use this guide to understand what new responsibilities you have for fire safety when they come into force on 1 October 2023.
650 _aCLADDING
650 _aBUILDING SAFETY
650 _aBUILDING SAFETY ACT 2022
650 _aFIRE SAFETY
651 _aUnited Kingdom
690 _96223
_aBuilding materials & defects
690 _96222
_aBuilding control
710 _91239
_aHome Office
856 _uhttps://www.gov.uk/government/publications/check-your-fire-safety-responsibilities-under-section-156-of-the-building-safety-act-2022/fire-safety-responsibilities-under-section-156-of-the-building-safety-act-2022
_zAvailable on .gov.uk
999 _c121597
_d121597